Most Popular Songs in USA 6/29/2024 - Statistics

General Stats
  • This quiz has been taken 9 times
  • The average score is 8 of 15
Answer Stats
Rank Artist (Version) Answer Streams Radio Airplay Sales % Correct
6. Kendrick Lamar Not Like Us 35.2 Million 38.2 Million 4 Thousand
78%
4. Sabrina Carpenter Espresso 34.7 Million 54.8 Million 6 Thousand
67%
12. Eminem Houdini 23.1 Million 15.1 Million 11 Thousand
67%
2. Post Malone, Morgan Wallen I Had Some Help 40.2 Million 72.9 Million 13 Thousand
67%
7. Hozier Too Sweet 22.4 Million 74.1 Million 6.5 Thousand
67%
8. Benson Boone Beautiful Things 22.5 Million 58.1 Million 6.5 Thousand
56%
13. Taylor Swift, Post Malone Fortnight 14.6 Million 44 Million 1.5 Thousand
56%
14. Metro Boomin, Future, Kendrick Lamar Like That 16.6 Million 30.7 Million 1 Thousand
56%
9. Teddy Swims Lose Control 22.5 Million 64.5 Million 5 Thousand
56%
3. Shaboozey A Bar Song (Tipsy) 39.8 Million 48.8 Million 20 Thousand
44%
10. Billie Eilish Birds Of A Feather 26.3 Million 6.6 Million 3 Thousand
44%
5. Tommy Richman Million Dollar Baby 35.8 Million 53.8 Million 5.5 Thousand
44%
1. Sabrina Carpenter Please Please Please 51.1 Million 3.1 Million 6.5 Thousand
44%
11. Zach Bryan Pink Skies 25.4 Million 0.6 Million 5 Thousand
33%
15. Morgan Wallen, ERNEST Cowgirls 15.9 Million 27.7 Million 2 Thousand
11%
No matching quizzes found
Score Distribution
Percent of People with Each Score
Percentile by Number Answered
Your Score History
You have not taken this quiz